[Event "Maastricht Limburg op-C 8th"]
[Site "Maastricht"]
[Date "2014.06.09"]
[Round "6"]
[White "Katranov, Mikhail"]
[Black "Baeten, Wim"]
[Result "0-1"]
[WhiteElo "1248"]
[BlackElo "1000"]
[PlyCount "64"]
[EventDate "2014.06.06"]
[EventType "swiss"]
[EventRounds "7"]
[EventCountry "NED"]
[SourceTitle "EXT 2015"]
[Source "ChessBase"]
[SourceDate "2014.11.20"]
[SourceVersion "1"]
[SourceVersionDate "2014.11.20"]
[SourceQuality "1"]

1. e4 d6 2. d4 g6 3. Nf3 Bg7 4. Be3 Nf6 5. Nc3 0-0 6. Qd2 c6 7. 0-0-0 b5 8. Bd3 b4 9. Nb1 a5 10. Bh6 Bg4 11. Bxg7 Kxg7 12. Qg5 Bxf3 13. gxf3 h6 14. Qg2 e5 15. Rhg1 Nh5 16. d5 Nf4 17. Qg4 c5 18. h4 h5 19. Qg3 Qc7 20. Bc4 Nd7 21. Nd2 a4 22. Kb1 Nb6 23. Bf1 Rfb8 24. b3 axb3 25. cxb3 Qa7 26. Bb5 Qxa2+ 27. Kc1 Qa1+ 28. Nb1 Ra2 29. Rd2 Rxd2 30. Kxd2 Ra8 31. Kc2 Ra2+ 32. Kc1 Qb2+ 0-1

[Event "Maastricht Limburg op-C 8th"]
[Site "Maastricht"]
[Date "2014.06.08"]
[Round "5"]
[White "Baeten, Wim"]
[Black "Vossen, Patrick"]
[Result "0-1"]
[WhiteElo "1000"]
[BlackElo "1500"]
[PlyCount "66"]
[EventDate "2014.06.06"]
[EventType "swiss"]
[EventRounds "7"]
[EventCountry "NED"]
[SourceTitle "EXT 2015"]
[Source "ChessBase"]
[SourceDate "2014.11.20"]
[SourceVersion "1"]
[SourceVersionDate "2014.11.20"]
[SourceQuality "1"]

1. d4 d5 2. c4 c6 3. Nc3 Nf6 4. Bf4 e6 5. e3 Bb4 6. cxd5 Nxd5 7. Nge2 Nxf4 8. Nxf4 Nd7 9. Bd3 Nf6 10. 0-0 0-0 11. Ne4 Nxe4 12. Bxe4 Bd6 13. Nd3 Bxh2+ 14. Kxh2 Qh4+ 15. Kg1 Qxe4 16. Rc1 b6 17. Rc3 Bb7 18. Ne5 Rfd8 19. Qh5 g6 20. Qh6 c5 21. f3 Qf5 22. g4 Qf6 23. f4 Qe7 24. Rfc1 Rac8 25. Kf2 cxd4 26. Rh1 dxe3+ 27. Rxe3 Rc2+ 28. Kg3 Bxh1 29. Qxh1 Qc5 30. Rf3 Rc1 31. Qh4 Qg1+ 32. Kh3 Qh1+ 33. Kg3 Rg1+ 0-1

[Event "Maastricht Limburg op-C 8th"]
[Site "Maastricht"]
[Date "2014.06.06"]
[Round "1"]
[White "Baeten, Wim"]
[Black "Havenith, Julia"]
[Result "1/2-1/2"]
[WhiteElo "1000"]
[BlackElo "1570"]
[PlyCount "64"]
[EventDate "2014.06.06"]
[EventType "swiss"]
[EventRounds "7"]
[EventCountry "NED"]
[SourceTitle "EXT 2015"]
[Source "ChessBase"]
[SourceDate "2014.11.20"]
[SourceVersion "1"]
[SourceVersionDate "2014.11.20"]
[SourceQuality "1"]

1. d4 Nf6 2. Bg5 g6 3. c4 Bg7 4. Nc3 0-0 5. e4 d6 6. Nf3 h6 7. Bd2 Re8 8. Qc1 Kh7 9. Bd3 e5 10. d5 Nbd7 11. b4 c6 12. h4 a5 13. Ne2 axb4 14. Bxb4 Nc5 15. Bxc5 Qa5+ 16. Qd2 Qxc5 17. Ng3 Qa5 18. h5 Qxd2+ 19. Kxd2 Bg4 20. hxg6+ fxg6 21. Nh2 Bd7 22. Rab1 Reb8 23. Rb6 Ra6 24. Rxa6 bxa6 25. Rb1 Rxb1 26. Bxb1 c5 27. Bc2 Kg8 28. Kc3 Kf7 29. Kb3 Ke8 30. Ka3 Kd8 31. Ba4 Kc7 32. f3 h5 1/2-1/2